| 000 | 00549nam a22002057a 4500 | ||
|---|---|---|---|
| 003 | KOHA_MİRAKIL | ||
| 005 | 20260406104833.0 | ||
| 008 | 260406b tu ||||| |||| 00| 0 tur d | ||
| 020 | _a9786058075450 | ||
| 040 |
_aTR-AnABB _btur _cTR-AnABB |
||
| 041 | _atur | ||
| 082 |
_a814.42 _bOZE 2021 |
||
| 100 | 1 | _aÖzer, Ahmet | |
| 245 | 1 | 0 |
_aTanığım hayat / _cAhmet Özer |
| 260 |
_aBursa : _bSuus Kitap, _c2021 |
||
| 300 |
_a144 sayfa ; _c20 cm |
||
| 500 | _aYazar imzalı | ||
| 650 | 0 | 4 | _aTürk edebiyatı, deneme |
| 942 |
_2ddc _cBK |
||
| 999 |
_c10159 _d10159 |
||
| 900 | _bCan ÇELIK | ||